| 000 | 00589nam a22001937a 4500 | ||
|---|---|---|---|
| 999 |
_c18077 _d18077 |
||
| 003 | AR-CdUCM | ||
| 008 | 190511b ||||| |||| 00| 0 spa d | ||
| 040 |
_aMUNICIPALIDAD PROVINCIAL DEL CUSCO _cBIBLIOTECA MUNICIPAL DEL CUSCO |
||
| 082 |
_a808.83 / _bH53 |
||
| 100 |
_aHillyer, H. S. _938449 |
||
| 245 |
_aAntes era ciego ahora veo : _bnovela |
||
| 260 |
_aTexas : _bVerdad, |
||
| 300 |
_a141 páginas ; _bIlustraciones, _c20 cm. |
||
| 505 | _aContenido: Novela | ||
| 650 |
_aNovelas estadounidense _915804 |
||
| 650 |
_aSiglo XX. _98 |
||
| 942 |
_2ddc _cLIBROS |
||
| 945 |
_aacv _d2019-05-11 |
||